| 000 | 00735nam a22002057a 4500 | ||
|---|---|---|---|
| 003 | 0 | ||
| 005 | 20241115144208.0 | ||
| 008 | 241115b xxu||||| |||| 00| 0 eng d | ||
| 020 | _a9781639878321 | ||
| 050 |
_aLB 1576 _b.W55 2024 |
||
| 100 |
_aWilliams, Rachel, _eauthor. |
||
| 245 |
_aFundamentals of english language and grammar / _cRachel Williams. |
||
| 260 |
_aNew York, NY : _bMurphy & Moore Publishing, _cc2024. |
||
| 300 |
_aviii, 237 p. : _bcol. ill. ; _c27 cm. |
||
| 504 | _aIncludes bibliographical references and index. | ||
| 650 |
_aEnglish language _vStudy and teaching. |
||
| 650 |
_aEnglish language _vStudy and teaching (Middle school). |
||
| 650 |
_aEnglish language _vGrammar _xStudy and teaching. |
||
| 942 |
_2lcc _cBK |
||
| 999 |
_c366737 _d366737 |
||